|
|
|
|
| LEADER |
00757nam a2200181Ia 4500 |
| 001 |
CTU_122723 |
| 008 |
210402s9999 xx 000 0 und d |
| 082 |
|
|
|a 630.72
|
| 082 |
|
|
|b K600
|
| 245 |
|
0 |
|a Kỷ yếu hội nghị khoa học công nghệ tuổi trẻ các trường Đại học và cao đẳng khối Nông - Lâm - Ngư toàn quốc lần thứ 2
|
| 245 |
|
0 |
|c Bộ Giáo dục và Đào tạo Đaị học Nông lâm Tp. HCM
|
| 260 |
|
|
|a Thành phố Hồ Chí Minh
|
| 260 |
|
|
|b ĐH Nông Lâm Thành phố Hồ Chí Minh
|
| 260 |
|
|
|c 2005
|
| 650 |
|
|
|a Agriculture,Agriculture
|
| 650 |
|
|
|x Research,Congresses
|
| 904 |
|
|
|i M.Loan
|
| 980 |
|
|
|a Trung tâm Học liệu Trường Đại học Cần Thơ
|